Statistics for Countries Most Passionate About Gaming #1

Click here to take the quiz!

General Stats

  • This quiz has been taken 13 times
  • The average score is 7 of 15

Answer Stats

%Answer% Correct
91,2India
77%
95,4Indonesia
77%
93,6Vietnam
69%
92,3Saudi Arabia
54%
91,6Taiwan
54%
93Thailand
54%
88,3Argentina
46%
89,7Brazil
46%
88,9Malaysia
38%
91,8Mexico
38%
96,7Philippines
38%
92,6Turkey
38%
88,7United Arab Emirates
38%
88,3South Africa
23%
87,5Greece
15%

Score Distribution

Percentile by Number Answered

Percent of People with Each Score

Your Score History

You have not taken this quiz